000 00319nam a2200133Ia 4500
100 _aCrandall/ S.H. & others
942 _cRB
654 _aMechanics of solids
245 _aIntroduction to the mechanics of solids
260 _bMcGraw Hill
_aNew York
_c1978
082 _a620.105
300 _a628
546 _aENGLISH
999 _c31581
_d31581